01403nam a2200349 a 4500008004100000020003000041040002500071041001300096080002900109080002200138080002200160080001100182245033000193250001300523260004900536300002800585500007800613700002400691700002500715700002900740700002400769700003200793700003100825700003700856700002400893700003000917700002200947700002500969700002400994700002401018044001101042951213s1984||||[C 0 slo c c70 vý q(10000 výtl.) aSNKbslocSNKeAACR21 aslohslo a943.76:323.26"1944/1945" a323.26"1944/1945" a323.26"1944/1945" a943.7610aDejiny Slovenského národného povstania 1944. 2. zvbSNP a jeho historický význam ; Viliam Plevza, Milan Bouček, Soňa Burlasová, Samuel Cambel, Zdenka Holotíková, Alexandra Homolová, Terézia Kováčiková, Ivan Králik, Miroslav Kropilák, Ivan Kusý, Milan Veselý, Ivan Schurman, Viliam Plevza a1., vyd. aBratislavabPravdac1984eBratislavafPravda a767 s., 90,96 AHc27 cm aLit. 1042. Res. rus. Rozlož. tit. list. 1042 zázn. v slov. a češ.1 aPlevza, Viliam4aut1 aBouček, Milan4aut1 aBurlasová, Soňa4aut1 aCambel, Samuel4aut1 aHolotíková, Zdenka4aut1 aHomolová, Alexandra4aut1 aKováčiková, Terézia4aut1 aKrálik, Ivan4aut1 aKropilák, Miroslav4aut1 aKusý, Ivan4aut1 aVeselý, Milan4bkd1 aSchurman, Ivan4bkd1 aPlevza, Viliam4oth axocSK